Waterloo Road Teachers - Statistics

General Stats
  • This quiz has been taken 287 times
  • The average score is 8 of 15
Answer Stats
Hint Answer % Correct
Jason Done Tom Clarkson
95%
Phillip Martin Brown Grantly Budgen
81%
Eva Pope Rachel Mason
76%
Denise Welch Steph Haydock
74%
Jason Merrells Jack Rimmer
70%
William Ash Christopher Mead
64%
Amanda Burton Karen Fisher
61%
Neil Morrisey Eddie Lawson
54%
Alec Newman Michael Byrne
48%
Jaye Jacobs Sian Diamond
44%
Christine Tremarco Davina Shackleton
41%
Sarah-Jane Potts Jo Lipsett
33%
Karen David Francesca Montoya
29%
Sarah Hadland Linda Radleigh
23%
Elyes Gabel Rob Cleaver
21%
No matching quizzes found
Score Distribution
Percent of People with Each Score
Percentile by Number Answered
Your Score History
You have not taken this quiz